Second language vocabulary acquisition: a rationale for Pedagogy

Uloženo v:
Podrobná bibliografie
Hlavní autoři: Coady, James (Autor), Huckin, Thomas (Autor)
Médium: Kniha
Jazyk:angličtina
Vydáno: Cambridge Cambridge University Press 1997
Vydání:1a. ed
Témata:
Tagy: Přidat tag
Žádné tagy, Buďte první, kdo vytvoří štítek k tomuto záznamu!

MARC

LEADER 00000cam a2200000 a 4500
001 UCF3925
003 CL-VaPUC
008 121108e19970000UK |||||||||||||||||eng|d
020 |a 0521567645 
082 0 4 |a 418.007  |b COA  |2 21 
100 0 |a Coady, James  |e author  |9 565570 
700 0 |a Huckin, Thomas  |e author  |9 565571 
245 1 0 |a Second language vocabulary acquisition: a rationale for Pedagogy 
250 |a 1a. ed 
300 |a 299 p 
942 |c BK 
945 |d 20121108 00:00:00  |a dcastane 
260 |a Cambridge  |b Cambridge University Press  |c 1997 
650 7 |a LENGUA Y LENGUAJES  |2 CL-VaPUC  |9 562730 
650 0 |a Estudio y enseñanza  |9 270395 
650 0 |a Aquisición de segundo lenguaje   |9 464787 
650 0 |a Vocabulario  |9 345405 
583 |a last modification  |c 20161020 01:14:27  |k Rodrigo Vera 
999 |c 349961  |d 349959 
952 |0 0  |1 0  |4 0  |6 418_007000000000000_COA_1997  |7 0  |8 A  |9 452859  |a BIBEDU  |b BIBEDU  |c ES_NOD  |d 2019-11-22  |i 4922077  |o 418.007 COA 1997  |p 4922077  |r 2023-08-09  |w 2019-11-22  |y BK  |k LIT